Sitzungsberichte der Kaiserlichen Akademie der Wissenschaften Philosophisch-Historische Classe : LXXXV. Bd. II. Heft

Elmentve itt :
Bibliográfiai részletek
Dokumentumtípus: Cikk
Megjelent: 1877
Sorozat:Kolligátum
Kulcsszavak:Művelődéstörténet - tanulmányok
Online Access:http://misc.bibl.u-szeged.hu/25060
LEADER 00588nab a2200157 i 4500
001 misc25060
005 20191111110714.0
008 170919s1877 hu o 0|| zxx d
040 |a SZTE Miscellanea Repozitórium  |b hun 
041 |a zxx 
245 0 0 |a Sitzungsberichte der Kaiserlichen Akademie der Wissenschaften   |h [elektronikus dokumentum] :  |b Philosophisch-Historische Classe : LXXXV. Bd. II. Heft 
260 |c 1877 
300 |a 261-457 
490 0 |a Kolligátum 
695 |a Művelődéstörténet - tanulmányok 
856 4 0 |u http://misc.bibl.u-szeged.hu/25060/1/014_019_261-457.pdf  |z Dokumentum-elérés